[Event "Portugal Open 2020"]
[Site "Lisboa POR"]
[Date "2020.01.28"]
[Round "4.28"]
[White "Fernandes, Alberto"]
[Black "Rocha, Sérgio"]
[Result "0-1"]
[WhiteElo "2092"]
[BlackElo "2343"]
[WhiteFideId "1900277"]
[BlackFideId "1900404"]
[WhiteTitle "NM"]
[BlackTitle "IM"]
[WhiteCountry "POR"]
[BlackCountry "POR"]
[PlyCount "92"]
[EventDate "2020.??.??"]

1. e4 Nf6 2. Nc3 d6 3. d4 c6 4. a4 g6 5. Nf3 Bg7 6. h3 O-O 7. Be2 a5 8. O-O Na6
9. Be3 Nb4 10. Nd2 d5 11. e5 Ne8 12. Nb3 Bf5 13. Rc1 f6 14. g4 Bc8 15. f4 Nc7
16. Qd2 f5 17. Kg2 b6 18. Nd1 Ne6 19. c3 Na6 20. gxf5 Rxf5 21. Bg4 Rf7 22. f5
gxf5 23. Rxf5 Rxf5 24. Bxf5 Nf4+ 25. Bxf4 Bxf5 26. Kh2 Qd7 27. Qg2 Rf8 28. Qg3
Bg6 29. Ne3 Nc7 30. Rg1 Ne6 31. Ng2 Qe8 32. Be3 Qf7 33. Nh4 Bc2 34. Nd2 Kh8 35.
Qg4 Bd3 36. Rg3 Bc2 37. Rf3 Qg8 38. Rg3 c5 39. Ndf3 Qf7 40. Ne1 Be4 41. Nef3 h5
42. Ng6+ Bxg6 43. Qxg6 Qxg6 44. Rxg6 Rxf3 45. Bg1 Nf4 46. Rxb6 Rxh3# 0-1

[Event "Portugal Open 2020"]
[Site "Lisboa POR"]
[Date "2020.01.28"]
[Round "4.29"]
[White "Esquivias Quintero, Luis Manuel"]
[Black "Cordeiro, João"]
[Result "1/2-1/2"]
[WhiteElo "2318"]
[BlackElo "2005"]
[WhiteFideId "32018215"]
[BlackFideId "1935291"]
[WhiteTitle "FM"]
[WhiteCountry "ESP"]
[BlackCountry "POR"]
[PlyCount "108"]
[EventDate "2020.??.??"]

1. Nf3 Nf6 2. c4 e6 3. b3 d5 4. Bb2 Be7 5. e3 O-O 6. Nc3 b6 7. cxd5 Nxd5 8. Qc2
c5 9. h4 Bf6 10. Ng5 g6 11. Be2 Bb7 12. a3 Nxc3 13. Bxc3 Nd7 14. O-O-O Bxc3 15.
dxc3 Qe7 16. Rxd7 Qxd7 17. h5 Qd5 18. Nf3 Rad8 19. hxg6 fxg6 20. Bc4 Qe4 21.
Qxe4 Bxe4 22. Bxe6+ Kg7 23. Ng5 h6 24. Nxe4 Rfe8 25. Nxc5 bxc5 26. Bc4 Re7 27.
Rd1 Rxd1+ 28. Kxd1 Kf6 29. Kc2 g5 30. Bd3 h5 31. b4 g4 32. g3 Kg5 33. Kd2 Rf7
34. Ke2 Rc7 35. c4 Rb7 36. b5 Re7 37. a4 h4 38. gxh4+ Kxh4 39. a5 Kg5 40. Kf1 g3
41. Be2 Rf7 42. f4+ Kh4 43. Bf3 Re7 44. e4 Rf7 45. Kg2 Rxf4 46. b6 axb6 47. a6
Rf7 48. e5 Ra7 49. Bb7 Kg5 50. Bc8 Ra8 51. Bb7 Ra7 52. Bc8 Ra8 53. Bb7 Ra7 54.
Bc8 Ra8 1/2-1/2

[Event "Portugal Open 2020"]
[Site "Lisboa POR"]
[Date "2020.01.28"]
[Round "4.30"]
[White "Risting, Eivind Olav"]
[Black "Moretti, Filippo"]
[Result "1-0"]
[WhiteElo "2306"]
[BlackElo "1969"]
[WhiteFideId "1517333"]
[BlackFideId "2805001"]
[WhiteTitle "FM"]
[WhiteCountry "NOR"]
[BlackCountry "ITA"]
[PlyCount "97"]
[EventDate "2020.??.??"]

1. d4 Nf6 2. c4 e6 3. Nc3 Bb4 4. Nf3 b6 5. e3 Bb7 6. Bd3 O-O 7. O-O d5 8. cxd5
exd5 9. Bd2 Nbd7 10. Rc1 c5 11. dxc5 bxc5 12. Na4 Qa5 13. Bxb4 Qxb4 14. a3 Qa5
15. b4 cxb4 16. axb4 Qd8 17. Qb3 Ng4 18. Qb2 Re8 19. Nc5 Nxc5 20. bxc5 Bc6 21.
h3 Qf6 22. Qxf6 Nxf6 23. Nd4 Rec8 24. Ba6 Rc7 25. Nxc6 Rxc6 26. Bb7 Rac8 27.
Bxc8 Rxc8 28. c6 g6 29. Rc2 Kf8 30. Rb1 Rc7 31. Rb7 Ne8 32. Rd2 Rxc6 33. Rxd5 a6
34. Rd8 Re6 35. Ra8 Kg7 36. Raa7 Rf6 37. Rb8 Re6 38. Rba8 Nf6 39. Rxa6 Re5 40.
Rc6 Rb5 41. Ra7 Nd5 42. Rd6 Nf6 43. f3 Rb2 44. e4 Rb5 45. Rc6 Ne8 46. f4 h5 47.
e5 Rb1+ 48. Kh2 Re1 49. Rc8 1-0

[Event "Portugal Open 2020"]
[Site "Lisboa POR"]
[Date "2020.01.28"]
[Round "4.31"]
[White "Fidalgo, Daniel"]
[Black "Chkhaidze, Nikoloz"]
[Result "1/2-1/2"]
[WhiteElo "2076"]
[BlackElo "2288"]
[WhiteFideId "1934279"]
[BlackFideId "13601750"]
[BlackTitle "FM"]
[WhiteCountry "POR"]
[BlackCountry "GEO"]
[PlyCount "90"]
[EventDate "2020.??.??"]

1. c4 Nf6 2. g3 e5 3. Bg2 d5 4. cxd5 Nxd5 5. Nc3 Nb6 6. e3 Nc6 7. Nge2 h5 8. d4
h4 9. d5 Ne7 10. e4 c6 11. b3 cxd5 12. exd5 Bg4 13. h3 Bxe2 14. Qxe2 hxg3 15.
Qxe5 gxf2+ 16. Kxf2 Qd7 17. Re1 f6 18. Qe4 Kf7 19. Qe6+ Qxe6 20. dxe6+ Kg8 21.
Ba3 Re8 22. Rad1 Ng6 23. e7 Bxe7 24. Bxe7 Rxe7 25. Rxe7 Nxe7 26. Rd8+ Kh7 27.
Rxh8+ Kxh8 28. Bxb7 Kh7 29. b4 Kg6 30. a4 Kf5 31. a5 Nbc8 32. Nd5 Nxd5 33. Bxc8+
Ke5 34. b5 Kd6 35. b6 axb6 36. a6 b5 37. a7 Nb6 38. Bb7 b4 39. a8=Q Nxa8 40.
Bxa8 Ke5 41. Ke3 f5 42. Bc6 b3 43. Ba4 b2 44. Bc2 g5 45. Kf3 g4+ 1/2-1/2

[Event "Portugal Open 2020"]
[Site "Lisboa POR"]
[Date "2020.01.28"]
[Round "4.32"]
[White "Xu, Yang"]
[Black "Grabuzova, Tatiana"]
[Result "0-1"]
[WhiteElo "2047"]
[BlackElo "2284"]
[WhiteFideId "8624780"]
[BlackFideId "4108752"]
[BlackTitle "WGM"]
[WhiteCountry "CHN"]
[BlackCountry "RUS"]
[PlyCount "86"]
[EventDate "2020.??.??"]

1. e4 e6 2. d3 b6 3. g3 Bb7 4. Bg2 g6 5. c3 Bg7 6. f4 Ne7 7. Nf3 d6 8. Be3 Nd7
9. Nbd2 h6 10. Qc2 c5 11. O-O Qc7 12. a3 a6 13. Rab1 b5 14. h3 d5 15. e5 g5 16.
d4 gxf4 17. gxf4 Nf5 18. Bf2 Bf8 19. Nh4 Nxh4 20. Bxh4 cxd4 21. f5 Nxe5 22. fxe6
fxe6 23. Rbe1 Rg8 24. Qd1 Qg7 25. Qh5+ Kd7 26. Rf2 dxc3 27. Nb3 cxb2 28. Bf6
b1=Q 29. Qxe5 Qxe1+ 30. Qxe1 Qg6 31. Kh1 Bd6 32. Be5 Raf8 33. Rb2 Bxe5 34. Nc5+
Kc6 35. Qxe5 Kxc5 36. Qe3+ Kd6 37. Rd2 Qg3 38. Qe2 e5 39. Rd1 Rf2 40. Qe4 Rf1+
41. Rxf1 dxe4 42. Rg1 e3 43. Rd1+ Ke7 0-1

[Event "Portugal Open 2020"]
[Site "Lisboa POR"]
[Date "2020.01.28"]
[Round "4.33"]
[White "Baba, Masahiro"]
[Black "Figueiredo, Mário"]
[Result "1-0"]
[WhiteElo "2274"]
[BlackElo "1939"]
[WhiteFideId "7000766"]
[BlackFideId "1902601"]
[WhiteTitle "FM"]
[WhiteCountry "JPN"]
[BlackCountry "POR"]
[PlyCount "107"]
[EventDate "2020.??.??"]

1. e4 Nf6 2. e5 Nd5 3. d4 d6 4. Nf3 Bg4 5. Be2 e6 6. O-O Be7 7. c4 Nb6 8. exd6
cxd6 9. Nc3 O-O 10. h3 Bh5 11. b3 a5 12. Be3 N8d7 13. Nd2 Bxe2 14. Qxe2 Nf6 15.
Nde4 Nxe4 16. Nxe4 d5 17. Nc5 Ra7 18. a4 Qe8 19. Rfd1 Qc6 20. Nd3 Bf6 21. Ne5
Bxe5 22. dxe5 Raa8 23. Rac1 dxc4 24. Rd6 Qe4 25. Rxb6 cxb3 26. Qc4 Qxe5 27. Qxb3
h6 28. Rxb7 Rab8 29. Rxb8 Rxb8 30. Qc3 Qe4 31. Qxa5 Ra8 32. Qb5 Qxa4 33. Rc8+
Kh7 34. Qb1+ f5 35. Rxa8 Qxa8 36. Bd4 Qd5 37. Qb2 Qd7 38. h4 h5 39. g3 Qf7 40.
Qb8 Qd7 41. Qa7 Qxa7 42. Bxa7 e5 43. Bb8 e4 44. Kf1 Kg6 45. Be5 Kf7 46. Ke2 g6
47. Ke3 Ke6 48. Kf4 e3 49. fxe3 Kd5 50. Bd4 Ke6 51. Kg5 Kd5 52. Kxg6 Ke4 53.
Kxh5 Kf3 54. Kg5 1-0

[Event "Portugal Open 2020"]
[Site "Lisboa POR"]
[Date "2020.01.28"]
[Round "4.34"]
[White "Maloberti, David"]
[Black "Gahan, M G"]
[Result "0-1"]
[WhiteElo "2017"]
[BlackElo "2245"]
[WhiteFideId "620149"]
[BlackFideId "5027373"]
[BlackTitle "FM"]
[WhiteCountry "FRA"]
[BlackCountry "IND"]
[PlyCount "74"]
[EventDate "2020.??.??"]

1. d4 Nf6 2. c4 e5 3. dxe5 Ng4 4. Bf4 g5 5. Bg3 Bg7 6. Nf3 Nc6 7. Nc3 Ngxe5 8.
Nxe5 Nxe5 9. e3 d6 10. Be2 Be6 11. f4 gxf4 12. Bxf4 Qd7 13. Bxe5 Bxe5 14. Qd2
Rg8 15. g3 O-O-O 16. O-O-O Kb8 17. Kb1 c6 18. Rhf1 Qc7 19. Rf2 Qb6 20. Rff1 Qc7
21. Rf2 Qb6 22. Na4 Qc7 23. Nc3 Qa5 24. Ne4 Qb6 25. Nf6 Rg6 26. Nh5 Rd7 27. Nf4
Rf6 28. Rdf1 Bf5+ 29. Bd3 Bg4 30. Bxh7 d5 31. cxd5 cxd5 32. Nxd5 Qb5 33. Rxf6
Bxf6 34. Rxf6 Rxd5 35. a4 Qd7 36. Qb4 Rd1+ 37. Kc2 Rc1+ 0-1

[Event "Portugal Open 2020"]
[Site "Lisboa POR"]
[Date "2020.01.28"]
[Round "4.35"]
[White "Corbalán Gómez, Juan José"]
[Black "Fernandes, Afonso"]
[Result "1-0"]
[WhiteElo "2243"]
[BlackElo "1905"]
[WhiteFideId "2260492"]
[BlackFideId "1914138"]
[WhiteCountry "ESP"]
[BlackCountry "POR"]
[PlyCount "137"]
[EventDate "2020.??.??"]

1. e4 c6 2. d4 d5 3. Nc3 dxe4 4. Nxe4 Nf6 5. Ng3 e5 6. Nf3 exd4 7. Qxd4 Qxd4 8.
Nxd4 g6 9. Bc4 Bg7 10. O-O O-O 11. Re1 Nd5 12. c3 Bxd4 13. cxd4 Be6 14. Bh6 Rd8
15. Bg5 Re8 16. Ne4 Nd7 17. Nd6 Reb8 18. Rac1 Nc7 19. Bf4 Nd5 20. Bg3 N7f6 21.
Ne4 Re8 22. Nc5 b6 23. Nxe6 Rxe6 24. Rxe6 fxe6 25. Be2 Ne7 26. Bd6 Nfd5 27. g3
Rd8 28. Be5 a5 29. h4 Kf7 30. h5 Rc8 31. Kg2 g5 32. Bd3 h6 33. a3 Nf6 34. f3
Nfd5 35. Kf2 b5 36. Ke2 a4 37. Bd6 Nf5 38. Be5 Nfe7 39. Kd2 Rd8 40. Ke2 Rc8 41.
Be4 Rd8 42. Rc2 Rc8 43. Rc1 Rd8 44. Rf1 Nf6 45. Bb1 Nf5 46. Rd1 Ne7 47. g4 Nfd5
48. Rc1 Rc8 49. Kf2 Nb6 50. Bd3 Nbd5 51. Kg3 Rd8 52. Be4 Rc8 53. Kf2 Rd8 54. Kg3
Rc8 55. Rc2 Rd8 56. Bg6+ Kg8 57. Rf2 Nf4 58. Be4 Ned5 59. Rc2 Rc8 60. Bxf4 gxf4+
61. Kh4 Kf7 62. g5 hxg5+ 63. Kxg5 Kg7 64. h6+ Kf7 65. Bg6+ Ke7 66. h7 Nf6 67.
Kh6 Kd7 68. Be4 Kd6 69. Rxc6+ 1-0

[Event "Portugal Open 2020"]
[Site "Lisboa POR"]
[Date "2020.01.28"]
[Round "4.36"]
[White "Casagrande, Federico"]
[Black "Balbuena Fuentes, Mario"]
[Result "0-1"]
[WhiteElo "1999"]
[BlackElo "2234"]
[WhiteFideId "2827137"]
[BlackFideId "32017880"]
[BlackTitle "FM"]
[WhiteCountry "ITA"]
[BlackCountry "ESP"]
[PlyCount "132"]
[EventDate "2020.??.??"]

1. d4 e6 2. c4 b6 3. Nf3 Bb7 4. g3 Bb4+ 5. Nbd2 Bxf3 6. exf3 Qf6 7. a3 Bxd2+ 8.
Bxd2 Qxd4 9. Qc2 Qe5+ 10. Qe4 Qxe4+ 11. fxe4 e5 12. Bc3 d6 13. f4 f6 14. O-O-O
Nd7 15. b4 Ke7 16. Bh3 Rd8 17. Rd5 Nh6 18. Rhd1 Nf7 19. Kc2 h5 20. Kb3 h4 21.
Bxd7 Rxd7 22. a4 hxg3 23. hxg3 Rh3 24. R5d3 Rd8 25. a5 Rdh8 26. Ka4 R8h5 27. Be1
exf4 28. gxf4 Rxd3 29. Rxd3 Nd8 30. Rg3 Kf7 31. f5 Rh2 32. axb6 axb6 33. Bc3 Re2
34. Rg4 Re3 35. Ba1 Nc6 36. Kb5 Na7+ 37. Ka4 Re2 38. Bc3 c5 39. b5 Nc8 40. Kb3
Ne7 41. Bb2 g5 42. fxg6+ Nxg6 43. Ba1 Rf2 44. Bc3 Ne5 45. Bxe5 dxe5 46. Rh4 Rf3+
47. Kc2 Rf4 48. Rh7+ Kg6 49. Rb7 Rxe4 50. Kc3 Re3+ 51. Kd2 Rh3 52. Rxb6 Kf5 53.
Rc6 Ke4 54. Rxf6 Kd4 55. Rd6+ Kxc4 56. b6 Rb3 57. Ke2 Rb4 58. Ke3 Kb3 59. Rd1
Kb2 60. Rd2+ Kc1 61. Rd5 c4 62. Rxe5 c3 63. Rc5 c2 64. Kd3 Rb3+ 65. Kd4 Rxb6 66.
Rh5 Kb1 0-1

[Event "Portugal Open 2020"]
[Site "Lisboa POR"]
[Date "2020.01.28"]
[Round "4.37"]
[White "Kurylski, Leonardo"]
[Black "Rodriguez Lopez, Rafael"]
[Result "0-1"]
[WhiteElo "1980"]
[BlackElo "2212"]
[WhiteFideId "1928988"]
[BlackFideId "2204495"]
[BlackTitle "IM"]
[WhiteCountry "POR"]
[BlackCountry "ESP"]
[PlyCount "59"]
[EventDate "2020.??.??"]

1. d4 Nf6 2. Nc3 d5 3. Bf4 a6 4. e3 e6 5. Bd3 c5 6. dxc5 Bxc5 7. Nf3 O-O 8. a3
b5 9. O-O Bb7 10. Qe2 Nbd7 11. Nb1 Re8 12. Ne5 Nxe5 13. Bxe5 Nd7 14. Bc3 e5 15.
Bf5 g6 16. Bh3 Nf6 17. Nd2 d4 18. Bb4 Bb6 19. Nb3 Ne4 20. Bg4 a5 21. Be1 dxe3
22. fxe3 Qg5 23. Bd7 Bxe3+ 24. Kh1 Red8 25. Bxb5 a4 26. Na5 Rd2 27. Nxb7 Rxe2
28. Bxe2 Rb8 29. Bf3 Qf4 30. Bxe4 0-1

[Event "Portugal Open 2020"]
[Site "Lisboa POR"]
[Date "2020.01.28"]
[Round "4.38"]
[White "Santos, José Gulherme"]
[Black "Atakay, Mustafa"]
[Result "0-1"]
[WhiteElo "2211"]
[BlackElo "1886"]
[WhiteFideId "1939300"]
[BlackFideId "2071274"]
[WhiteTitle "NM"]
[WhiteCountry "POR"]
[BlackCountry "USA"]
[PlyCount "48"]
[EventDate "2020.??.??"]

1. c4 f5 2. Nc3 Nf6 3. g3 e5 4. Bg2 g6 5. d3 Bg7 6. Nf3 d6 7. e3 Na6 8. O-O O-O
9. Rb1 Nh5 10. d4 c6 11. b4 Nc7 12. c5 e4 13. Nd2 d5 14. b5 Qe8 15. a4 g5 16.
Nb3 Ne6 17. Re1 f4 18. Na5 Nd8 19. bxc6 bxc6 20. Bf1 Qf7 21. Rb2 f3 22. h3 Nf6
23. Bd2 Qh5 24. Kh2 Bxh3 0-1

[Event "Portugal Open 2020"]
[Site "Lisboa POR"]
[Date "2020.01.28"]
[Round "4.39"]
[White "Poysti, Nathanael"]
[Black "García Ortega, Manuel"]
[Result "1-0"]
[WhiteElo "2203"]
[BlackElo "1705"]
[WhiteFideId "24622133"]
[BlackFideId "2227533"]
[WhiteCountry "GER"]
[BlackCountry "ESP"]
[PlyCount "57"]
[EventDate "2020.??.??"]

1. c4 c5 2. Nc3 Nc6 3. g3 g6 4. Bg2 Bg7 5. e3 Nf6 6. d3 a6 7. Nge2 Rb8 8. b3 d6
9. Bb2 Bd7 10. h3 h5 11. Qd2 b5 12. Rd1 b4 13. Nd5 e5 14. O-O h4 15. Nxf6+ Bxf6
16. g4 a5 17. d4 exd4 18. exd4 cxd4 19. Nxd4 Ne5 20. f4 Nxg4 21. hxg4 Bxg4 22.
Rde1+ Kf8 23. Nc6 Qb6+ 24. Kh1 h3 25. Bd5 Bxb2 26. Qxb2 Rh5 27. Nxb8 Qxb8 28.
Qf6 Qa7 29. Bxf7 1-0

[Event "Portugal Open 2020"]
[Site "Lisboa POR"]
[Date "2020.01.28"]
[Round "4.40"]
[White "Ruiz Viñals, Matias"]
[Black "Jaracz, Barbara"]
[Result "0-1"]
[WhiteElo "1964"]
[BlackElo "2200"]
[WhiteFideId "2252295"]
[BlackFideId "1107453"]
[BlackTitle "WGM"]
[WhiteCountry "ESP"]
[BlackCountry "POL"]
[PlyCount "46"]
[EventDate "2020.??.??"]

1. Nf3 d5 2. c4 c6 3. cxd5 cxd5 4. d4 Nf6 5. Nc3 Nc6 6. Bf4 a6 7. e3 Bg4 8. Be2
e6 9. O-O Bd6 10. Ne5 Bxe2 11. Nxe2 Bxe5 12. dxe5 Nd7 13. Qa4 O-O 14. e4 Ndxe5
15. Rfd1 Nc4 16. Qb3 b5 17. a4 bxa4 18. Rxa4 Qb6 19. Qxb6 Nxb6 20. Ra2 dxe4 21.
Nc3 Nb4 22. Ra5 N4d5 23. Be5 Nc4 0-1

[Event "Portugal Open 2020"]
[Site "Lisboa POR"]
[Date "2020.01.28"]
[Round "4.41"]
[White "Hulshof, Peter"]
[Black "Sakthivel, Heamish Kanha"]
[Result "1-0"]
[WhiteElo "2192"]
[BlackElo "1584"]
[WhiteFideId "1003291"]
[BlackFideId "25644890"]
[BlackTitle " "]
[WhiteCountry "NED"]
[BlackCountry "IND"]
[PlyCount "109"]
[EventDate "2020.??.??"]

1. e4 c5 2. Nc3 d6 3. g3 g6 4. Bg2 Bg7 5. d3 Nc6 6. f4 e6 7. Nf3 Nge7 8. O-O O-O
9. Be3 b6 10. d4 d5 11. exd5 Nf5 12. Bf2 Ncxd4 13. Ne5 Rb8 14. dxe6 Bxe6 15. Ne4
f6 16. Nd3 Bc4 17. Re1 Nxc2 18. Qxc2 Qxd3 19. Qa4 Bb5 20. Qxa7 Qd7 21. Qxd7 Bxd7
22. Rad1 Rbd8 23. Nc3 h5 24. Nd5 Bc6 25. Nxb6 Bxg2 26. Kxg2 Nd4 27. Re7 f5 28.
Nd7 Nc6 29. Re6 Rf7 30. Rxc6 Rfxd7 31. Rxd7 Rxd7 32. Bxc5 Rd2+ 33. Kh3 Rxb2 34.
Rxg6 Rxa2 35. Bd4 Rd2 36. Rxg7+ Kf8 37. Rd7 Ke8 38. Rd5 Rd3 39. Re5+ Kd7 40. Bg1
Rd1 41. Kg2 Kc6 42. Rxf5 Kd6 43. Rxh5 Ke6 44. Re5+ Kf6 45. h4 Rd2+ 46. Kf3 Kg6
47. Be3 Ra2 48. h5+ Kg7 49. g4 Ra3 50. g5 Rd3 51. h6+ Kh7 52. Re7+ Kh8 53. g6
Rxe3+ 54. Kxe3 Kg8 55. Re8# 1-0

[Event "Portugal Open 2020"]
[Site "Lisboa POR"]
[Date "2020.01.28"]
[Round "4.42"]
[White "Jorge, Rita"]
[Black "Reis, Luís Sousa"]
[Result "1-0"]
[WhiteElo "1932"]
[BlackElo "2187"]
[WhiteFideId "1923161"]
[BlackFideId "1900609"]
[WhiteTitle "WFM"]
[BlackTitle "NM"]
[WhiteCountry "POR"]
[BlackCountry "POR"]
[PlyCount "253"]
[EventDate "2020.??.??"]

1. e4 e6 2. d4 d5 3. Nd2 Nc6 4. c3 e5 5. dxe5 dxe4 6. Qa4 f5 7. exf6 Nxf6 8. Nc4
Bd7 9. Be3 a5 10. Qc2 Bf5 11. a4 Be7 12. Ne2 O-O 13. Nd4 Nxd4 14. Bxd4 Ng4 15.
Ne3 Nxe3 16. Bxe3 Bg5 17. Bc4+ Kh8 18. Qe2 Bxe3 19. Qxe3 Qf6 20. O-O Rad8 21.
Rad1 Rd6 22. Qc5 Rc6 23. Qd4 Qg6 24. Qd8 Qf6 25. Qxf6 gxf6 26. Rd4 Bg6 27. Rfd1
f5 28. Bb5 Rc5 29. Rd8 Rxd8 30. Rxd8+ Kg7 31. Kf1 f4 32. Rd4 Kf6 33. f3 Ke5 34.
fxe4 Bxe4 35. Kf2 Rd5 36. Rxd5+ Bxd5 37. Bd3 h6 38. Bc2 c5 39. Bd1 Bc6 40. Bc2
Kf6 41. Bd1 b6 42. Bc2 Kg5 43. Bd1 h5 44. Bc2 h4 45. h3 Kf6 46. Bd1 Ke5 47. Bc2
Bd5 48. Bd1 Be4 49. Bb3 Kd6 50. Bd1 c4 51. Be2 Kc5 52. Bd1 Kd6 53. Kf1 Ke5 54.
Kf2 Bb1 55. Kf3 Kf5 56. Be2 Bd3 57. Bd1 Be4+ 58. Kf2 Ke5 59. Be2 Bd5 60. Bd1 Bc6
61. Bc2 Kd5 62. Kf3 Ke5+ 63. Kf2 Be8 64. Kf3 Bh5+ 65. Kf2 Kd5 66. Kf1 f3 67.
gxf3 Bxf3 68. Kf2 Bh1 69. Bg6 Ke5 70. Bf7 Bc6 71. Bxc4 Bxa4 72. Kf3 Bd7 73. Bf1
b5 74. Ke3 b4 75. cxb4 axb4 76. Bg2 Bb5 77. Bb7 Bd7 78. Bg2 Bf5 79. Bf1 Be4 80.
Ba6 Bf5 81. Bf1 Bd7 82. Bg2 Bc8 83. Bf1 Bb7 84. Bb5 Bc8 85. Bf1 Kf5 86. Bg2 Be6
87. Be4+ Kg5 88. Bg2 Kf5 89. Be4+ Ke5 90. Bg2 Bd5 91. Bf1 Bc6 92. Ba6 Bd7 93.
Bf1 Be6 94. Bg2 Kf5 95. Be4+ Ke5 96. Bg2 Ba2 97. Bf1 Bb1 98. Bg2 Bc2 99. Bf1 Bb3
100. Bg2 Bc4 101. Bb7 Bf1 102. Bc8 Bg2 103. Bd7 Be4 104. Bb5 Bg2 105. Bd7 Be4
106. Bb5 Bf5 107. Bf1 Be6 108. Bg2 Bd5 109. Bf1 Ba2 110. Bg2 Bb1 111. Bf1 Kf5
112. Bg2 Bc2 113. Bf1 Be4 114. Ba6 Bg2 115. Bc8+ Ke5 116. Bd7 Kd6 117. Bc8 Kc5
118. Kd3 Bd5 119. Bg4 Bc4+ 120. Ke3 Bd5 121. Kd3 Bf7 122. Bc8 Kd5 123. Bb7+ Ke5
124. Ke3 Bd5 125. Ba6 Bg2 126. Bc8 Kd5 127. Bb7+ 1-0

[Event "Portugal Open 2020"]
[Site "Lisboa POR"]
[Date "2020.01.28"]
[Round "4.43"]
[White "Candeias, Humberto"]
[Black "Costa, Paulo"]
[Result "0-1"]
[WhiteElo "1921"]
[BlackElo "2179"]
[WhiteFideId "1903454"]
[BlackFideId "1900900"]
[BlackTitle "NM"]
[WhiteCountry "POR"]
[BlackCountry "POR"]
[PlyCount "113"]
[EventDate "2020.??.??"]

1. e4 c5 2. Nc3 a6 3. g3 b5 4. Bg2 Bb7 5. d3 e6 6. f4 d5 7. Qe2 Nf6 8. e5 Ng8 9.
Nf3 Nh6 10. O-O Nc6 11. Nd1 Nf5 12. c3 h5 13. Ne3 g6 14. Bd2 Be7 15. Rfb1 a5 16.
Nxf5 gxf5 17. d4 Ba6 18. Qf2 cxd4 19. cxd4 h4 20. Rc1 hxg3 21. Qxg3 Kd7 22. Qg7
Qg8 23. Qxg8 Raxg8 24. Be3 b4 25. b3 Bb5 26. Kf2 Ra8 27. Bf1 Bxf1 28. Rxf1 Na7
29. Rg1 Rag8 30. Rxg8 Rxg8 31. h4 Nb5 32. h5 Rh8 33. Rh1 Nc3 34. Ne1 Nxa2 35.
Nd3 Nc3 36. Nc5+ Kc6 37. Nd3 Kb5 38. Bc1 Ne4+ 39. Kf3 a4 40. bxa4+ Kxa4 41. Bb2
Kb3 42. Ba1 Nd2+ 43. Ke2 Ne4 44. Kf3 Bf8 45. Rh2 Kc4 46. Nb2+ Kb3 47. Nd3 Kc4
48. Nc1 Nc3 49. Ke3 Bh6 50. Rc2 Ra8 51. Bxc3 bxc3 52. Ne2 Ra3 53. Nc1 Bf8 54.
Na2 Bb4 55. h6 Ra8 56. Rc1 Rh8 57. Rh1 0-1

[Event "Portugal Open 2020"]
[Site "Lisboa POR"]
[Date "2020.01.28"]
[Round "4.44"]
[White "Monteiro, José"]
[Black "Cambando, José"]
[Result "1-0"]
[WhiteElo "1881"]
[BlackElo "2166"]
[WhiteFideId "1908057"]
[BlackFideId "10100563"]
[BlackTitle "CM"]
[WhiteCountry "POR"]
[BlackCountry "ANG"]
[PlyCount "99"]
[EventDate "2020.??.??"]

1. e4 c5 2. Nc3 d6 3. f4 a6 4. Nf3 Nc6 5. d4 cxd4 6. Nxd4 Nf6 7. Nxc6 bxc6 8. e5
dxe5 9. Qxd8+ Kxd8 10. fxe5 Nd5 11. Bd2 Ke8 12. Bc4 e6 13. Ne4 Be7 14. Bb3 a5
15. Ba4 Bd7 16. a3 Nb6 17. Bb3 a4 18. Ba2 f5 19. Nd6+ Bxd6 20. exd6 Nd5 21. c4
Nf6 22. c5 Ne4 23. Bb4 Kf7 24. Rf1 Kg6 25. O-O-O e5 26. Bb1 Nf6 27. Rd3 e4 28.
Rg3+ Kf7 29. Bc3 Rhg8 30. Bc2 h5 31. h4 Rge8 32. Kd2 Ng4 33. Bd4 Kg6 34. b4 Kh6
35. Be3+ Kh7 36. Bg5 g6 37. Rc3 Rec8 38. Bxe4 Nh2 39. Rf4 Kg7 40. Bf3 Re8 41.
Be2 Re5 42. b5 Rd5+ 43. Kc2 cxb5 44. c6 Be6 45. d7 Re5 46. Bd3 Bb3+ 47. Kd2 Rd5
48. d8=Q Raxd8 49. Bxd8 Rxd8 50. c7 1-0

[Event "Portugal Open 2020"]
[Site "Lisboa POR"]
[Date "2020.01.28"]
[Round "4.45"]
[White "Hendrix, Joachim"]
[Black "Tscharotschkin, Michael"]
[Result "0-1"]
[WhiteElo "1868"]
[BlackElo "2156"]
[WhiteFideId "12958557"]
[BlackFideId "4619510"]
[WhiteCountry "GER"]
[BlackCountry "GER"]
[PlyCount "102"]
[EventDate "2020.??.??"]

1. Nf3 d5 2. g3 Bg4 3. Bg2 Nd7 4. O-O e6 5. d3 c6 6. Nbd2 Bc5 7. b3 Ngf6 8. Bb2
O-O 9. h3 Bxf3 10. Nxf3 Qe7 11. c4 Rad8 12. cxd5 exd5 13. Nd4 g6 14. a3 Nh5 15.
b4 Bb6 16. Qd2 Rfe8 17. Rae1 Ng7 18. e4 dxe4 19. Rxe4 Qd6 20. Rh4 Nf6 21. Qg5
Re5 22. Qc1 g5 23. Nf3 Rf5 24. Rh6 Ngh5 25. d4 Nxg3 26. fxg3 Qxg3 27. Rxf6 Rxf6
28. Qxg5+ Qxg5 29. Nxg5 Bxd4+ 30. Bxd4 Rxf1+ 31. Kxf1 Rxd4 32. Ne4 Rd1+ 33. Ke2
Ra1 34. Nc5 Ra2+ 35. Kf1 b6 36. Ne4 Rxa3 37. Nf6+ Kg7 38. Ne8+ Kf8 39. Bxc6 Rc3
40. Ba4 Rxh3 41. Nc7 Rh4 42. Nd5 a5 43. bxa5 Rxa4 44. axb6 Ra8 45. Nc3 Ra6 46.
Nd5 Ra2 47. Ke1 Rb2 48. Kd1 Rb5 49. Nf6 Ke7 50. Nxh7 Rxb6 51. Ng5 Rb2 0-1

[Event "Portugal Open 2020"]
[Site "Lisboa POR"]
[Date "2020.01.27"]
[Round "4.46"]
[White "Tieres, Cristiano"]
[Black "Garcia Dorado, Alberto"]
[Result "0-1"]
[WhiteElo "1852"]
[BlackElo "2152"]
[WhiteFideId "1924931"]
[BlackFideId "2252244"]
[BlackTitle "CM"]
[WhiteCountry "POR"]
[BlackCountry "ESP"]
[PlyCount "60"]
[EventDate "2020.01.25"]
[Annotator "inc. 49"]

1. d4 Nf6 2. c4 e6 3. Nc3 d5 4. cxd5 exd5 5. Bg5 Bb4 6. e3 h6 7. Bh4 g5 8. Bg3
Ne4 9. Qc2 h5 10. Bd3 h4 11. Be5 f6 12. Bxe4 dxe4 13. Qxe4 Bxc3+ 14. bxc3 fxe5
15. Qxe5+ Kf7 16. Nf3 Rg8 17. O-O Nc6 18. Qc5 Qe7 19. Qc4+ Kf8 20. e4 Qf7 21.
Qc5+ Qe7 22. Qc4 h3 23. e5 hxg2 24. Rfe1 Qf7 25. e6 Qe7 26. d5 Na5 27. Qe4 Rg7
28. Rad1 Kg8 29. Nd4 Qe8 30. Nf5 Rh7 0-1

[Event "Portugal Open 2020"]
[Site "Lisboa POR"]
[Date "2020.01.27"]
[Round "4.47"]
[White "Santos, António P"]
[Black "Reis, Luis"]
[Result "1/2-1/2"]
[WhiteElo "2152"]
[BlackElo "1855"]
[WhiteFideId "1900161"]
[BlackFideId "1901940"]
[WhiteTitle "FM"]
[WhiteCountry "POR"]
[BlackCountry "POR"]
[PlyCount "115"]
[EventDate "2020.01.25"]

1. d4 g6 2. c4 Bg7 3. Nc3 c5 4. d5 Bxc3+ 5. bxc3 f5 6. h4 Nf6 7. h5 Rg8 8. hxg6
hxg6 9. Nf3 Qa5 10. Qc2 d6 11. Rb1 Nbd7 12. Bf4 Nb6 13. e3 Ne4 14. Rb5 Qa4 15.
Qxa4 Nxa4 16. Bd3 Naxc3 17. Rb3 Nxa2 18. Bxe4 fxe4 19. Ng5 Nb4 20. Nxe4 Bf5 21.
Ng5 Bd3 22. Rc3 b5 23. Kd2 Bxc4 24. e4 Kd7 25. Rh7 Rh8 26. Rch3 Rxh7 27. Rxh7
Bxd5 28. exd5 Nxd5 29. Bg3 a5 30. Ne4 Kc6 31. Nc3 Nxc3 32. Kxc3 b4+ 33. Kb2 e5
34. Rg7 a4 35. Rxg6 Kd5 36. f4 a3+ 37. Kc1 b3 38. fxe5 dxe5 39. Rg5 Re8 40. Rh5
c4 41. Be1 Kd4 42. Rh3 Rf8 43. Bc3+ Kd5 44. Rh1 Rf5 45. Kb1 Ke4 46. Bb4 a2+ 47.
Ka1 Ke3 48. Rc1 Kd3 49. g4 Rf2 50. Rg1 c3 51. g5 Rh2 52. g6 Rh8 53. g7 Rg8 54.
Rg3+ Kc4 55. Bxc3 Rxg7 56. Rxg7 Kxc3 57. Rg3+ Kc2 58. Rxb3 1/2-1/2